Najbogatsze kraje świata (USD) - Statystyki

Ogólne statystyki
  • Ten quiz został rozwiązany 224 razy
  • Średni wynik to 5 z 10
Statystyki odpowiedzi
Średni Zarobek (Miesiąc) Państwo % Poprawnych
57,220 USD Stany Zjednoczone
97%
59,150 USD Szwajcaria
59%
69,031 USD Norwegia
57%
67,946 USD Zjednoczone Emiraty Arabskie
53%
129,511 USD Katar
50%
100,991 USD Luksemburg
46%
86,853 USD Singapur
35%
70,586 USD Kuwejt
33%
64,464 USD San Marino
21%
77,661 USD Brunei
16%
Nie znaleziono quizów pasujących do podanych kryteriów
Rozkład punktacji
Procent ludzi z każdym wynikiem
Percentyl według liczby udzielonych odpowiedzi
Twoja historia wyników
Nie rozwiązałeś tego quizu